Magic: The Gathering Sets (2020-2026) - Statistics

General Stats
  • This quiz has been taken 35 times
  • The average score is 18 of 71
Answer Stats
Hint Answer % Correct
January, 2026 (UW) Lorwyn Eclipsed
81%
March, 2026 (UB) Teenage Mutant Ninja Turtles
81%
June, 2025 (UB) Final Fantasy
74%
November, 2025 (UB) Avatar: The Last Airbender
67%
February, 2025 (UW) Aetherdrift
63%
August, 2025 (UW) Edge of Eternities
63%
April, 2025 (UW) Tarkir: Dragonstorm
63%
August, 2026 (UB) The Hobbit
56%
September, 2024 (UW) Duskmourn: House of Horror
52%
April, 2024 (UW) Outlaws of Thunder Junction
48%
February, 2023 (UW) Phyrexia: All Will Be One
48%
November, 2026 (UB) Star Trek
48%
September, 2023 (UW) Wilds of Eldraine
44%
August, 2024 (UW) Bloomburrow
41%
January, 2025 (UW) Innistrad Remastered
41%
February, 2024 (UW) Murders at Karlov Manor
41%
November, 2023 (UW) The Lost Caverns of Ixalan
41%
March, 2024 (UB) Fallout
37%
March, 2023 (UW) March of the Machine
37%
October, 2026 (UW) Reality Fracture
37%
October, 2023 (UB) Doctor Who
33%
April, 2026 (UW) Secrets of Strixhaven
33%
November, 2024 (UW) Foundations
30%
September, 2025 (UB) Marvel's Spider Man
30%
June, 2024 (UW) Modern Horizons 3
30%
November, 2022 (UW) The Brother's War
30%
February, 2022 (UW) Kamigawa: Neon Dynasty
26%
January, 2024 (UW) Ravnica Remastered
26%
April, 2022 (UW) Streets of New Capenna
26%
June, 2023 (UB) The Lord of the Rings: Tales of Middle-Earth
26%
January, 2023 (UW) Dominaria Remastered
22%
September, 2022 (UW) Dominaria United
22%
November, 2024 (UW) Foundations Jumpstart
22%
January, 2021 (UW) Kaldheim
22%
June, 2021 (UW) Modern Horizons 2
22%
April, 2021 (UW) Strixhaven: School of Mages
22%
November, 2020 (UW) Commander Legends
19%
May, 2020 (UW) Ikoria: Lair of Behemoths
19%
November, 2021 (UW) Innistrad: Crimson Vow
19%
September, 2021 (UW) Innistrad: Midnight Hunt
19%
July, 2021 (UW) Adventures in the Forgotten Realms
15%
August, 2023 (UW) Commander Masters
15%
June, 2026 (UB) Marvel's Superheroes
15%
April, 2024 (UW) The Big Score
15%
September, 2020 (UW) Zendikar Rising
15%
July, 2024 (UB) Assassin's Creed
11%
August, 2020 (UW) Double Masters
11%
July, 2020 (UW) Jumpstart
11%
January, 2020 (UW) Theros Beyond Death
11%
March, 2021 (UW) Time Spiral Remastered
11%
October, 2022 (UB) Warhammer 40,000
11%
May, 2020 (UW) Commander 2020
7%
April, 2021 (UW) Commander 2021
7%
June, 2022 (UB) Commander Legends: Battle for Baldur's Gate
7%
July, 2020 (UW) Core Set 2021
7%
May, 2023 (UW) March of the Machine: The Aftermath
7%
February, 2024 (UW) Ravnica: Clue Edition
7%
April, 2024 (UW) Breaking News
4%
July, 2022 (UW) Double Masters 2022
4%
December, 2022 (UW) Jumpstart 2022
4%
November, 2023 (UB) Jurassic World
4%
April, 2023 (UW) Multiverse Legends
4%
November, 2024 (UW) Mystery Booster 2
4%
November, 2023 (UW) Special Guests
4%
November, 2022 (UB) Transformers
4%
October, 2022 (UW) Unfinity
4%
August, 2020 (UW) Amonkhet Remastered
0%
December, 2024 (UW) Pioneer Masters
0%
December, 2022 (UW) Starter Commander Decks
0%
February, 2020 (UW) Unsanctioned
0%
September, 2023 (UW) Wilds of Eldraine Enchanting Tails
0%
No matching quizzes found
Score Distribution
Percent of People with Each Score
Percentile by Number Answered
Your Score History
You have not taken this quiz